| 000 | 00418 a2200157 4500 | ||
|---|---|---|---|
| 003 | OSt | ||
| 005 | 20240823112235.0 | ||
| 008 | 231019b |||||||| |||| 00| 0 eng d | ||
| 040 | _coclc | ||
| 082 |
_a370.113 _bRAS/T |
||
| 100 |
_aRasal _99769 |
||
| 245 |
_aTHOZHIL VAZHIKAL / _cRasal |
||
| 260 |
_aCalicut: _bIPB: _c2016. |
||
| 300 | _a202 p | ||
| 942 |
_2ddc _cBK _h370.113 _iRAS/T _k370.113 _mRAS/T |
||
| 999 |
_c42634 _d42634 |
||